| 000 | 00579nam a2200181 4500 | ||
|---|---|---|---|
| 001 | 144988 | ||
| 003 | ES-MaACL | ||
| 005 | 20230906201136.0 | ||
| 007 | t| | ||
| 008 | 070214s1970 sp r ||||1| spa d | ||
| 100 | 1 |
_aSmith, William V. _9106936 |
|
| 245 | 1 | 3 |
_aEl láser / _cWilliam V. Smith, Peter P. Sorokin ; [traducido por Jesús Sánchez Solera]. |
| 260 |
_aMadrid : _bParaninfo, _c1970 ( _fM. E. L. S. A.) |
||
| 300 |
_a485 p. : _bil. ; _c22 cm. |
||
| 700 | 1 |
_aSorokin, Peter P. _9107416 |
|
| 700 | 1 |
_aSánchez Solera, J. _9102941 |
|
| 852 |
_aES-MaACL _jC-38475 _bR.75161 |
||
| 999 |
_c144988 _d144988 |
||